| 000 | 00442nam a2200157Ia 4500 | ||
|---|---|---|---|
| 003 | GCL | ||
| 008 | 140319s9999 xx 000 0 eng d | ||
| 040 |
_aGCL / _cGCL |
||
| 082 | 0 | 4 |
_a591.94 _bB A |
| 100 | 1 | _aBOOKS FOR WORLD EXPLORERS | |
| 245 | 1 | 0 |
_aAMAZING ANIMALS OF AUSTRAALIA / _cBOOKS FOR WORLD EXPLORERS |
| 260 |
_a[S.N] : _bNATIONAL GEOGRAPHIC SOCIETY ، _c1985 |
||
| 300 | _a104 | ||
| 650 | 0 | 4 | _aAUSTRALIA - ZOOLOGY |
| 942 |
_2ddc _cBK |
||
| 999 |
_c15448 _d15448 |
||